| 000 | 00653nam a22002057a 4500 | ||
|---|---|---|---|
| 005 | 20251108164716.0 | ||
| 008 | 250721s1989 xx 000 0 ara d | ||
| 082 | 1 | 4 | _a811.909611/قاس |
| 100 | 1 | _aكرو، أبو القاسم محمد | |
| 245 | 1 | 0 |
_aكفاح الشابي : _bالشعب و الوطنية في شعره / |
| 250 | _aط4. | ||
| 264 | 1 |
_aدمشق : _bدار طلاس للدراسات و الترجمة و النشر، _c1989. |
|
| 300 | _a158ص | ||
| 650 | 1 | 7 | _aالشعر العربي |
| 650 | 1 | 7 | _aالتاريخ الأدبي |
| 650 | 1 | 7 | _aالنقد الأدبي |
| 650 | 1 | 7 | _aتونس |
| 942 |
_2ddc _cBK |
||
| 999 |
_c12376 _d12376 |
||